| 000 | 00964cab a2200277 4500 | ||
|---|---|---|---|
| 001 | ABS53317 | ||
| 008 | 090401t1995 xxu||||| |||| 00| 0 eng d | ||
| 035 | _a(Sirsi) u3502 | ||
| 041 | _aeng | ||
| 100 | _aGane, D. | ||
| 245 | 2 | _aA DCF analysis of market price for leasehold investments | |
| 260 | _c1995 | ||
| 350 | _a0 | ||
| 490 |
_aJournal of Property Valuation and Investment _v13(3) 1995, 42-52(11) |
||
| 520 | _aDiscusses two important issues which need to be addressed in the valuation of leaseholds which relate to the proper identification of the additional risks involved and their impact on investors` perception of market value or worth and thus in target returns. | ||
| 650 | _aACCUMULATIVE RATE | ||
| 650 | _aALL RISKS YIELD | ||
| 650 | _aARY | ||
| 650 | _aDCF | ||
| 650 | _aDISCOUNTED CASH FLOW | ||
| 650 | _aLEASEHOLD VALUATIONS | ||
| 650 | _aMARKET VALUE | ||
| 690 | _aRATING AND VALUATION | ||
| 942 | _n0 | ||
| 948 | _c04/03/1997 | ||
| 999 |
_c2156 _d2156 |
||